[Event "SEMI The Climb UCO oren/0/4 email"]
[Site "SEMI email"]
[Date "2004.09.01"]
[Round "?"]
[White "Volpi, Davide"]
[Black "Rocchi Parodi, Eduardo Jorge"]
[Result "0-1"]
[WhiteElo "2069"]
[BlackElo "2100"]
[PlyCount "93"]
[EventDate "2004.??.??"]
[EventType "tourn (corr)"]
[EventRounds "9"]
[EventCountry "ITA"]
[SourceTitle "Corr 2008"]
[Source "ChessBase"]
[SourceDate "2008.06.24"]
[SourceVersion "1"]
[SourceVersionDate "2008.06.24"]
[SourceQuality "1"]

1. d4 Nc6 2. d5 Nb8 3. e4 d6 4. c4 e5 5. Nc3 h6 6. Bd3 Nf6 7. Nge2 Na6 8. 0-0 Nc5 9. b4 Nxd3 10. Qxd3 a5 11. b5 h5 12. f3 h4 13. Be3 h3 14. g3 Be7 15. f4 Ng4 16. Rab1 Nxe3 17. Qxe3 exf4 18. gxf4 Bg4 19. e5 0-0 20. Nd4 Re8 21. Ne4 Bh4 22. b6 cxb6 23. Nb5 dxe5 24. Nbd6 f5 25. Nxe8 fxe4 26. fxe5 Qxe8 27. Qxe4 Qh5 28. Rf4 Be2 29. Rxh4 Qg5+ 30. Kf2 Bd3 31. Qxd3 Rf8+ 32. Ke2 Qxh4 33. Rf1 Qh5+ 34. Kd2 Qg5+ 35. Kd1 Rxf1+ 36. Qxf1 Qxe5 37. Qe1 Qa1+ 38. Ke2 Qxa2+ 39. Kd3 Qa3+ 40. Kc2 Qa4+ 41. Kb2 Qd7 42. Qe5 Kf8 43. Qf4+ Qf7 44. Qb8+ Qe8 45. Qf4+ Kg8 46. Kb3 b5 47. c5 0-1

[Event "SEMI Danvers theme (B) email"]
[Site "SEMI email"]
[Date "2004.07.20"]
[Round "?"]
[White "Migliorini, Roberto"]
[Black "Rocchi Parodi, Eduardo Jorge"]
[Result "1-0"]
[WhiteElo "2029"]
[BlackElo "1800"]
[PlyCount "87"]
[EventDate "2004.07.20"]
[EventType "tourn (corr)"]
[EventRounds "8"]
[EventCountry "ITA"]
[SourceTitle "Corr 2008"]
[Source "ChessBase"]
[SourceDate "2008.06.24"]
[SourceVersion "1"]
[SourceVersionDate "2008.06.24"]
[SourceQuality "1"]

1. e4 e5 2. Qh5 Nf6 3. Qxe5+ Qe7 4. Qxe7+ Bxe7 5. d3 Nc6 6. Nf3 Bc5 7. Bg5 Ng4 8. Bh4 d6 9. c3 Nge5 10. Nbd2 Ng6 11. Bg3 a6 12. d4 Ba7 13. 0-0-0 0-0 14. h4 h5 15. Bd3 b5 16. e5 dxe5 17. Be4 Bb7 18. Nxe5 Ngxe5 19. dxe5 Rae8 20. Rhe1 Na5 21. Bxb7 Nxb7 22. Ne4 Re7 23. f4 Rfe8 24. b4 f6 25. Kc2 Bb8 26. Nd2 c5 27. Nf3 cxb4 28. cxb4 fxe5 29. fxe5 Nd8 30. Kb3 Nc6 31. Rd5 Re6 32. a4 bxa4+ 33. Kxa4 Ne7 34. Rd7 Nc6 35. Ng5 R6e7 36. Rxe7 Nxe7 37. Nf3 Rd8 38. Kb3 Nf5 39. Bf2 Re8 40. Bc5 Bc7 41. Kc4 Bd8 42. Kd5 Nxh4 43. Nxh4 Bxh4 44. Rh1 1-0

[Event "SEMI The Climb UCO oren/0/2 email"]
[Site "SEMI email"]
[Date "2003.12.01"]
[Round "?"]
[White "Rocchi Parodi, Eduardo Jorge"]
[Black "Volpi, Davide"]
[Result "1-0"]
[WhiteElo "2100"]
[BlackElo "2069"]
[PlyCount "39"]
[EventDate "2003.??.??"]
[EventType "tourn (corr)"]
[EventRounds "9"]
[EventCountry "ITA"]
[SourceTitle "Corr 2008"]
[Source "ChessBase"]
[SourceDate "2008.06.24"]
[SourceVersion "1"]
[SourceVersionDate "2008.06.24"]
[SourceQuality "1"]

1. d4 Nc6 2. d5 Ne5 3. f4 Ng6 4. f5 Ne5 5. Bf4 d6 6. e4 Nf6 7. Nc3 g6 8. Nf3 Nxf3+ 9. Qxf3 Bg7 10. Bd3 Nd7 11. 0-0 0-0 12. Qg3 b6 13. Qe3 Bb7 14. Bh6 c6 15. Bxg7 Kxg7 16. Rf3 Qc7 17. Rh3 Nf6 18. Qh6+ Kg8 19. e5 dxe5 20. Ne4 1-0